Statistics for fast typing even numbers 1-60

Click here to take the quiz!

General Stats

  • This quiz has been taken 1,712 times
    (1,711 since last reset)
  • The average score is 17 of 30

Answer Stats

Answer% Correct
12
97%
2
89%
4
88%
6
87%
8
85%
10
84%
14
80%
16
79%
18
77%
20
75%
22
73%
24
71%
26
70%
34
68%
28
67%
30
62%
32
58%
36
52%
38
49%
40
42%
42
35%
44
31%
46
27%
48
24%
56
22%
50
20%
52
14%
54
12%
58
8%
60
8%

Score Distribution

Percentile by Number Answered

Percent of People with Each Score

Your Score History

You have not taken this quiz since the last reset